000
00271nam a22001217a 4500
020
_a
81-85198-57-8
082
_a
620.11 SOL'R
100
_a
RADHAKRISLNA, S
_9
62380
245
_a
SOLID STATE MATRIALS
260
_a
NEWDELHI
_b
NAROSA
_c
1991
300
_a
376P
942
_c
BK
999
_c
571502
_d
571502